| 000 | 01031nam a2200253 i 4500 | ||
|---|---|---|---|
| 001 | 26230 | ||
| 003 | ES-MaACL | ||
| 005 | 20250724074706.0 | ||
| 007 | t| | ||
| 008 | 030108s1886 sp ||||1| spa d | ||
| 100 | 1 |
_aLorenzo Aleu, Manuel. _974170 |
|
| 245 | 1 | 0 |
_aAritmética popular / _cpor Manuel Lorenzo Aleu. |
| 260 |
_aMadrid : _b[s.n.], _c1886 ( _fTip. de G. Estrada) |
||
| 300 |
_a229 p. ; _c17 cm. |
||
| 490 | 1 | _aBiblioteca enciclopédica popular ilustrada. Sección 3ª. Conocimientos útiles | |
| 505 | 8 | _aApéndice: Medidas, pesas y monedas de Castilla y su relación con las métrico-decimales . Ejercicios para resolver | |
| 530 | _aDisponible en formato digital. | ||
| 650 | 7 |
_aAritmética _2embne _99963 |
|
| 700 | 1 |
_aEstrada, Gregorio. _9126979 |
|
| 830 | 1 |
_aBiblioteca enciclopédica popular ilustrada. Sección 3ª. Conocimientos útiles _9180990 |
|
| 852 |
_aES-MaACL _jF-13588 |
||
| 856 |
_uhttp://bdh-rd.bne.es/viewer.vm?id=0000124093&page=1 _zBiblioteca Digital Hispánica |
||
| 999 |
_c26230 _d26230 |
||